| 000 | 00000nam 2200000za 4500 |
| 001 | 9.578362 |
| 003 | CaOODSP |
| 005 | 20210624190042 |
| 007 | cr ||||||||||| |
| 008 | 150406|1986||||xxc|||||o f|0| 0 eng d |
| 022 | |a1488-5379 |
| 040 | |aCaOODSP|beng |
| 043 | |an-cn--- |
| 086 | 1 |aFs97-6/1482-2E-PDF |
| 110 | 1 |aCanada. |bDepartment of Fisheries and Oceans. |
| 245 | 10|aStudies on Pacific salmon (Oncorhynchus spp.) in Phase I of the Salmonid Enhancement Program. |nVolume II, |pData appendices / |h[electronic resource]|cby B.G. Shepherd, J.E. Hillaby and R.J. Hutton. |
| 260 | |aVancouver - British Columbia : |bFisheries and Oceans Canada |c1986. |
| 300 | |a205p.|bfigs., references, tables |
| 490 | 1 |aCanadian technical report of fisheries and aquatic sciences|x1488-5379|vNo. 1482-2 |
| 500 | |aOn t.p.: Salmonid Enhancement Program. Vancouver, British Columbia. The catalogue number and ISSN for the print edition appear in the PDF version. |
| 546 | |a(Résumé en français) |
| 590 | |a14-02-Supp|b2014-01-08 |
| 720 | 1 |aHillaby, J. E. |
| 720 | 1 |aShepherd, B. G. |
| 720 | 1 |aHutton, R. J. |
| 830 | #0|aCanadian technical report of fisheries and aquatic sciences,|x1488-5379|vNo. 1482-2|w(CaOODSP)9.504449 |
| 856 | 40|ahttp://publications.gc.ca|qPDF|s8878 KB|uhttps://publications.gc.ca/collections/collection_2013/mpo-dfo/Fs97-6-1482-2-eng.pdf|yNo. 1482-2 |